| 000 | 00372nam a2200133Ia 4500 | ||
|---|---|---|---|
| 008 | 170224s9999 xx 000 0 und d | ||
| 245 | _a“It Gets Better”: Internet memes and the construction of collective identity | ||
| 260 | _bNew Media & Society | ||
| 260 | _c2016 | ||
| 300 | _a18: | ||
| 500 | _a2016 | ||
| 650 | _xCommunication Arts | ||
| 650 | _xMultimedia Arts | ||
| 999 |
_c316166 _d316166 |
||